000 00447nam a2200133 a 4500
008 120416s1964 ||||||||||||||||| || u
050 _aTA 551 Rip
100 _aRipa, Louis C
245 1 0 _aSurveying manual
260 _aNew York
_bMcGraw-Hill
_c1964
300 _axi, 130p. : ill
350 _a0.00
995 _D0.00
_FCBU-MAIN LIBRARY (Kitwe)
_H1
_I3.50
_M1
_UDAMAGED
_ZMain Library Open Access Collection
999 _c59193
_d59193